000 00839nam a2200265Ia 4500
003 OSt
005 20221005062035.0
006 a|||||r|||| 00| 0
007 ta
008 221004b |||||||| |||| 00| 0 eng d
020 _a9780415811996 (hbk)
_c795
024 _a7569
037 _b791, 12/10/2013, Orange Books International
_cTextual
040 _aCRL
_cCRL
_beng
041 _2eng
_aeng
082 _aW6.4g7H, Q3
100 _aArora Vibha Ed.
245 0 _aRouteing democracy in the himalayas
_b Experiments and experiemces
260 _aLondon
_bRoutledge UK
_c2013
300 _axv, 303p.
_ccm.
650 _aPOLITICAL SCIENCE
700 _a Jayaram N. Ed.
942 _hW6.4g7H, Q3
_cTEXL
_2cc
999 _c969119
_d969119